[Event "Hamburg-chT Landesliga 1920"]
[Site "Hamburg"]
[Date "2020.01.19"]
[Round "5.6"]
[White "Kuhle, Sebastian"]
[Black "Zimmermann, Martin"]
[Result "0-1"]
[WhiteElo "2028"]
[BlackElo "2135"]
[PlyCount "58"]
[EventDate "2019.09.29"]
[EventType "team-tourn"]
[EventRounds "9"]
[EventCountry "GER"]
[SourceTitle "EXT 2021"]
[Source "ChessBase"]
[SourceDate "2020.10.23"]
[SourceVersion "1"]
[SourceVersionDate "2020.10.23"]
[SourceQuality "1"]

1. c4 c5 2. Nc3 Nc6 3. g3 g6 4. Nf3 Bg7 5. Bg2 Nf6 6. 0-0 0-0 7. d4 cxd4 8. Nxd4 Qa5 9. Nxc6 dxc6 10. Rb1 Be6 11. b4 Qh5 12. f3 Bxc4 13. Qc2 Qf5 14. Qxf5 gxf5 15. Bb2 Rfd8 16. Rfd1 Kf8 17. Bh3 e6 18. a4 Bb3 19. Rxd8+ Rxd8 20. b5 Nd5 21. bxc6 bxc6 22. Ba3+ Kg8 23. Nxd5 Bxd5 24. Bc5 Bc4 25. Bxa7 Bxe2 26. Kf2 Bc4 27. Bf1 Ba2 28. Rb7 Ra8 29. a5 Rxa7 0-1

[Event "Hamburg-chT Landesliga 1920"]
[Site "Hamburg"]
[Date "2019.12.08"]
[Round "4.6"]
[White "Zimmermann, Martin"]
[Black "Schermer, Denis"]
[Result "0-1"]
[WhiteElo "2149"]
[BlackElo "2003"]
[PlyCount "124"]
[EventDate "2019.09.29"]
[EventType "team-tourn"]
[EventRounds "9"]
[EventCountry "GER"]
[SourceTitle "EXT 2021"]
[Source "ChessBase"]
[SourceDate "2020.10.23"]
[SourceVersion "1"]
[SourceVersionDate "2020.10.23"]
[SourceQuality "1"]

1. d4 d5 2. Nf3 Nf6 3. g3 Bf5 4. Bg2 c6 5. 0-0 h6 6. Nbd2 e6 7. b3 Nbd7 8. Bb2 Be7 9. c4 0-0 10. Ne5 a5 11. Nxd7 Qxd7 12. a3 b6 13. Re1 Rfc8 14. Nf3 Qd8 15. Ne5 Ra7 16. e3 Rac7 17. Re2 Bh7 18. h3 Ne4 19. Qe1 f6 20. Nf3 a4 21. Qd1 axb3 22. Qxb3 dxc4 23. Qxc4 Qd5 24. Rc1 b5 25. Qxd5 cxd5 26. Rxc7 Rxc7 27. Bf1 Nd6 28. Nd2 Bd3 29. Re1 Rc2 30. Bc1 Bxf1 31. Kxf1 Nc4 32. Nb1 Kf7 33. Kg2 Ke8 34. Kf3 Kd7 35. Rf1 Ra2 36. Nc3 Ra1 37. Ke2 Bxa3 38. Bxa3 Rxf1 39. Kxf1 Nxa3 40. Na2 Kc6 41. Ke2 Kb6 42. Kd3 Ka5 43. Kc3 Ka4 44. Nc1 b4+ 45. Kb2 Nc4+ 46. Ka2 Nd2 47. Kb2 Kb5 48. Kc2 Ne4 49. Nd3 g5 50. Kb3 h5 51. g4 h4 52. Kc2 Kc4 53. Nb2+ Kb5 54. Nd3 Ka4 55. Kb2 Nc3 56. Nc5+ Kb5 57. Kb3 Ne2 58. Nxe6 Ng1 59. Nc7+ Kc6 60. Ne8 Nxh3 61. f4 gxf4 62. exf4 Nxf4 0-1

[Event "Oberliga Nord N 1415"]
[Site "Germany"]
[Date "2015.04.12"]
[Round "9.6"]
[White "Zimmermann, Martin"]
[Black "Gottuk, Stefan"]
[Result "1/2-1/2"]
[WhiteElo "2237"]
[BlackElo "2227"]
[PlyCount "34"]
[EventDate "2014.09.21"]
[EventType "team-tourn"]
[EventRounds "9"]
[EventCountry "GER"]
[SourceTitle "EXT 2016"]
[Source "ChessBase"]
[SourceDate "2015.10.08"]
[SourceVersion "1"]
[SourceVersionDate "2015.10.08"]
[SourceQuality "1"]
[WhiteTeam "Hamburg SF"]
[BlackTeam "Hamburg Diogenes"]
[WhiteTeamCountry "GER"]
[BlackTeamCountry "GER"]

1. d4 f5 2. Nf3 Nf6 3. c4 g6 4. Nc3 Bg7 5. g3 0-0 6. Bg2 d6 7. 0-0 Qe8 8. d5 a5 9. Ne1 Na6 10. Nd3 Rb8 11. Bd2 Bd7 12. Re1 b6 13. b3 c6 14. Qc2 cxd5 15. Nxd5 Nc5 16. Nxc5 dxc5 17. Bc3 Nxd5 1/2-1/2

[Event "Oberliga Nord N 1314"]
[Site "Germany"]
[Date "2014.02.23"]
[Round "7.5"]
[White "Zimmermann, Martin"]
[Black "Reimer, Wolf"]
[Result "1/2-1/2"]
[WhiteElo "2235"]
[BlackElo "2106"]
[PlyCount "24"]
[EventDate "2013.10.13"]
[EventType "team-tourn"]
[EventRounds "9"]
[EventCountry "GER"]
[SourceTitle "EXT 2015"]
[Source "ChessBase"]
[SourceDate "2014.11.20"]
[SourceVersion "1"]
[SourceVersionDate "2014.11.20"]
[SourceQuality "1"]
[WhiteTeam "Hamburg SF"]
[BlackTeam "Luebeck II"]
[WhiteTeamCountry "GER"]
[BlackTeamCountry "GER"]

1. d4 d6 2. g3 e5 3. dxe5 dxe5 4. Qxd8+ Kxd8 5. Bg2 c6 6. Nc3 Be6 7. Bd2 Nd7 8. e3 Kc7 9. Nge2 Ne7 10. a3 f6 11. 0-0-0 Nb6 12. Kb1 Ned5 1/2-1/2

[Event "Oberliga Nord N 1213"]
[Site "Germany"]
[Date "2012.10.14"]
[Round "1.6"]
[White "Bente, Bjoern"]
[Black "Zimmermann, Martin"]
[Result "1/2-1/2"]
[WhiteElo "2205"]
[BlackElo "2239"]
[PlyCount "52"]
[EventDate "2012.10.14"]
[EventType "team-tourn"]
[EventRounds "9"]
[EventCountry "GER"]
[SourceTitle "EXT 2015"]
[Source "ChessBase"]
[SourceDate "2014.11.20"]
[SourceVersion "1"]
[SourceVersionDate "2014.11.20"]
[SourceQuality "1"]
[WhiteTeam "Hamburger SK III"]
[BlackTeam "Hamburg Schachfreunde"]
[WhiteTeamCountry "GER"]
[BlackTeamCountry "GER"]

1. e4 c6 2. d4 d5 3. Nc3 dxe4 4. Nxe4 Nd7 5. Ng5 Ngf6 6. Bd3 e6 7. N1f3 Bd6 8. 0-0 h6 9. Ne4 Nxe4 10. Bxe4 Nf6 11. Bd3 Qc7 12. Re1 0-0 13. Qe2 Bf4 14. Ne5 Bxc1 15. Raxc1 Bd7 16. c3 Rad8 17. Bb1 Be8 18. Qd3 g6 19. Re3 c5 20. Rce1 cxd4 21. cxd4 Qb6 22. Rf3 Rxd4 23. Qc3 Ra4 24. Qd3 Qb4 25. Qe2 Ng4 26. Rb3 Qf4 1/2-1/2

[Event "Oberliga Nord N 0708"]
[Site "Germany"]
[Date "2008.03.09"]
[Round "7.5"]
[White "Zimmermann, Martin"]
[Black "Kross, Gunnar"]
[Result "1-0"]
[WhiteElo "2206"]
[BlackElo "2089"]
[PlyCount "119"]
[EventDate "2007.10.21"]
[EventType "team-tourn"]
[EventRounds "9"]
[EventCountry "GER"]
[SourceTitle "EXT 2009"]
[Source "ChessBase"]
[SourceDate "2008.11.26"]
[SourceVersion "1"]
[SourceVersionDate "2008.11.26"]
[SourceQuality "1"]
[WhiteTeam "Hamburg Schachfreunde"]
[BlackTeam "Rostock"]
[WhiteTeamCountry "GER"]
[BlackTeamCountry "GER"]

1. d4 Nf6 2. Nf3 e6 3. e3 b6 4. Nbd2 Be7 5. Bd3 0-0 6. 0-0 c5 7. c3 Ba6 8. Bxa6 Nxa6 9. Qe2 Qc8 10. e4 d5 11. exd5 Nxd5 12. Ne4 Re8 13. Bg5 Bf8 14. Rad1 cxd4 15. Rxd4 Nc5 16. Rfd1 Be7 17. c4 Nxe4 18. Qxe4 Bxg5 19. Nxg5 Nf6 20. Qd3 h6 21. Ne4 Nxe4 22. Qxe4 Qa6 23. a3 Rac8 24. h3 Qa4 25. Qd3 Qc6 26. b3 e5 27. Rd7 a5 28. a4 Re6 29. Qf5 Rf8 30. R1d5 e4 31. Qf4 Qc8 32. R5d6 e3 33. fxe3 Qe8 34. Rxe6 fxe6 35. Qd6 Qg6 36. Rd8 Rxd8 37. Qxd8+ Kh7 38. Qxb6 Qe4 39. Qd4 Qb1+ 40. Kh2 Qxb3 41. Qe4+ g6 42. Qxe6 Qb8+ 43. Kg1 Qb1+ 44. Kf2 Qc2+ 45. Kg3 h5 46. Qf7+ Kh8 47. Qe8+ Kg7 48. Qe5+ Kf7 49. Qd5+ Kf6 50. Qd4+ Ke6 51. c5 g5 52. Qd6+ Kf5 53. c6 h4+ 54. Kh2 g4 55. Qf4+ Ke6 56. Qxg4+ Kf7 57. Qd7+ Kg6 58. c7 Qf2 59. Qg4+ Kh6 60. Qf4+ 1-0

[Event "Oberliga Nord N 0708"]
[Site "Germany"]
[Date "2008.01.20"]
[Round "5.5"]
[White "Seres, Lajos"]
[Black "Zimmermann, Martin"]
[Result "1-0"]
[WhiteElo "2449"]
[BlackElo "2206"]
[PlyCount "83"]
[EventDate "2007.10.21"]
[EventType "team-tourn"]
[EventRounds "9"]
[EventCountry "GER"]
[SourceTitle "EXT 2009"]
[Source "ChessBase"]
[SourceDate "2008.11.26"]
[SourceVersion "1"]
[SourceVersionDate "2008.11.26"]
[SourceQuality "1"]
[WhiteTeam "Neukloster"]
[BlackTeam "Hamburg Schachfreunde"]
[WhiteTeamCountry "GER"]
[BlackTeamCountry "GER"]

1. d4 d5 2. c4 e6 3. Nf3 Nf6 4. Nc3 Be7 5. g3 c6 6. Bg2 0-0 7. 0-0 Nbd7 8. b3 Re8 9. Qc2 Bf8 10. Rd1 Qa5 11. Bb2 Rb8 12. e4 dxe4 13. Nxe4 Nxe4 14. Qxe4 Qh5 15. Rac1 Qg6 16. Qf4 f6 17. Qc7 Ra8 18. d5 cxd5 19. cxd5 e5 20. Nh4 Qg4 21. Bf3 Qb4 22. d6 g6 23. Bd5+ Kg7 24. a4 Qb6 25. Qxb6 axb6 26. Bc4 Rd8 27. b4 Nb8 28. Bb5 Bg4 29. f3 Bd7 30. Rc7 Kh6 31. Bc1+ g5 32. Bxd7 Rxd7 33. g4 Kg7 34. Nf5+ Kf7 35. Rc8 b5 36. Bb2 h5 37. h3 h4 38. Rd2 Bg7 39. Kf2 Bf8 40. Rd3 Bg7 41. Rdc3 Bf8 42. R3c7 1-0

[Event "Oberliga Nord N 0708"]
[Site "Germany"]
[Date "2007.10.21"]
[Round "1.6"]
[White "Zimmermann, Martin"]
[Black "Van Riesen, Klaus"]
[Result "1/2-1/2"]
[WhiteElo "2206"]
[BlackElo "2097"]
[PlyCount "74"]
[EventDate "2007.10.21"]
[EventType "team-tourn"]
[EventRounds "9"]
[EventCountry "GER"]
[SourceTitle "EXT 2009"]
[Source "ChessBase"]
[SourceDate "2008.11.26"]
[SourceVersion "1"]
[SourceVersionDate "2008.11.26"]
[SourceQuality "1"]
[WhiteTeam "Hamburg Schachfreunde"]
[BlackTeam "Pinneberg"]
[WhiteTeamCountry "GER"]
[BlackTeamCountry "GER"]

1. Nf3 Nf6 2. d4 e6 3. g3 c5 4. c3 b6 5. Bg2 Bb7 6. 0-0 Be7 7. Nbd2 0-0 8. Re1 d5 9. Ne5 Nc6 10. Ndf3 Nd7 11. Qa4 Ndxe5 12. Nxe5 Nxe5 13. dxe5 Qc7 14. f4 d4 15. cxd4 cxd4 16. Bd2 Bxg2 17. Kxg2 Qb7+ 18. Kf2 a5 19. Rac1 Bc5 20. Qb3 Qd7 21. Qd3 f6 22. exf6 Rxf6 23. Qe4 Re8 24. e3 dxe3+ 25. Bxe3 Qd2+ 26. Kg1 Bxe3+ 27. Qxe3 Qxb2 28. Rb1 Qxa2 29. Qxb6 Rh6 30. Rb2 Qd5 31. Re5 Qd1+ 32. Kg2 Rc8 33. Rbe2 Rc1 34. Qb8+ Kf7 35. Qb7+ Kg8 36. Qa8+ Kf7 37. Qb7+ Kg8 1/2-1/2

[Event "BL2-Nord 0607"]
[Site "Germany"]
[Date "2007.02.25"]
[Round "6.5"]
[White "Zimmermann, Martin"]
[Black "List, Joachim"]
[Result "1/2-1/2"]
[WhiteElo "2205"]
[BlackElo "2250"]
[PlyCount "90"]
[EventDate "2006.10.15"]
[EventType "team-tourn"]
[EventRounds "9"]
[EventCountry "GER"]
[SourceTitle "EXT 2008"]
[Source "ChessBase"]
[SourceDate "2007.11.25"]
[SourceVersion "1"]
[SourceVersionDate "2007.11.25"]
[SourceQuality "1"]
[WhiteTeam "Hamburg Schachfreunde"]
[BlackTeam "Uelzen Post"]
[WhiteTeamCountry "GER"]
[BlackTeamCountry "GER"]

1. d4 g6 2. g3 Bg7 3. Bg2 d6 4. e4 c5 5. c3 cxd4 6. cxd4 Qb6 7. Ne2 Bg4 8. Nbc3 Nc6 9. Be3 Bxe2 10. Nxe2 Qxb2 11. 0-0 Qa3 12. Rb1 Nd8 13. Qd2 Nf6 14. h3 0-0 15. Rfc1 e6 16. Bg5 Qa6 17. Rc2 Nc6 18. Nc3 Rac8 19. Bf1 Qa5 20. Rb5 Qc7 21. Rbb2 a6 22. Bg2 Nd7 23. Nd5 exd5 24. exd5 Ndb8 25. Rb1 Qd7 26. dxc6 Nxc6 27. Be3 Rfe8 28. a4 a5 29. Rb5 Ra8 30. Rxb7 Qxb7 31. Bxc6 Qe7 32. Bxa8 Rxa8 33. Qd3 Qd7 34. Qe4 Rb8 35. Kh2 Qxa4 36. Rc7 Qa2 37. d5 Be5 38. Ra7 Rb5 39. Qh4 Qxd5 40. Qd8+ Kg7 41. Ra8 Bxg3+ 42. Kxg3 Qe5+ 43. Kg2 Qe4+ 44. Kh2 Qe5+ 45. Kg2 Qe4+ 1/2-1/2

[Event "Berlin Lichtenberger op 6th"]
[Site "Berlin"]
[Date "2007.??.??"]
[Round "?"]
[White "Kornrumpf, Joachim"]
[Black "Zimmermann, Martin"]
[Result "0-1"]
[WhiteElo "2132"]
[BlackElo "2206"]
[PlyCount "120"]
[EventDate "2007.08.18"]
[EventType "swiss"]
[EventRounds "9"]
[EventCountry "GER"]
[SourceTitle "CBM 120 Extra"]
[Source "ChessBase"]
[SourceDate "2007.11.01"]
[SourceVersion "1"]
[SourceVersionDate "2007.11.01"]
[SourceQuality "1"]

1. Nf3 Nf6 2. c4 g6 3. b3 Bg7 4. Bb2 0-0 5. e3 d6 6. Be2 Nc6 7. 0-0 Bd7 8. d4 e6 9. Nbd2 Ne7 10. Qc2 c6 11. Rac1 d5 12. Rfd1 Rc8 13. Qb1 a6 14. Ne5 Be8 15. Ba3 Nd7 16. Nd3 f5 17. Nf3 h6 18. Bd6 Nf6 19. Be5 Nd7 20. Bd6 Nf6 21. Ba3 Nd7 22. Qb2 Kh7 23. Bd6 Bf7 24. Qa3 Re8 25. Nfe5 Nxe5 26. Nxe5 Bxe5 27. Bxe5 Ng8 28. Qb4 Qd7 29. f3 Ne7 30. Qe1 Rg8 31. Bd3 g5 32. e4 Bg6 33. h4 gxh4 34. exd5 cxd5 35. Qxh4 Nc6 36. Bf4 Qg7 37. Bf1 Bf7 38. Be3 Qg6 39. cxd5 exd5 40. Kf2 Qh5 41. Qf6 Qg6 42. Qh4 Qh5 43. Qxh5 Bxh5 44. Bd3 Bg6 45. Bb1 Ne7 46. Rh1 h5 47. Bg5 Rxc1 48. Rxc1 Rc8 49. Re1 Nc6 50. Bf6 f4 51. Bxg6+ Kxg6 52. Be5 Kf5 53. g3 fxg3+ 54. Kxg3 Rg8+ 55. Kh4 Re8 56. f4 Nxd4 57. Kxh5 Nf3 58. Re3 Nxe5 59. Rxe5+ Rxe5 60. fxe5 Kxe5 0-1

[Event "Berlin Lichtenberger op 6th"]
[Site "Berlin"]
[Date "2007.??.??"]
[Round "?"]
[White "Zimmermann, Martin"]
[Black "Koerner, Helmut"]
[Result "0-1"]
[WhiteElo "2206"]
[BlackElo "1988"]
[PlyCount "68"]
[EventDate "2007.08.18"]
[EventType "swiss"]
[EventRounds "9"]
[EventCountry "GER"]
[SourceTitle "CBM 120 Extra"]
[Source "ChessBase"]
[SourceDate "2007.11.01"]
[SourceVersion "1"]
[SourceVersionDate "2007.11.01"]
[SourceQuality "1"]

1. e4 d5 2. exd5 Nf6 3. Bb5+ Bd7 4. Bc4 b5 5. Be2 Nxd5 6. d4 e6 7. Nf3 Bd6 8. 0-0 0-0 9. c3 Nf4 10. Bxf4 Bxf4 11. Ne5 Bxe5 12. dxe5 c5 13. Bf3 Bc6 14. Nd2 Qc7 15. Qe2 Nd7 16. Bxc6 Qxc6 17. f4 Rad8 18. Nf3 Nb6 19. Rfd1 c4 20. Rxd8 Rxd8 21. Rd1 Qc5+ 22. Kf1 Rd5 23. Rxd5 Nxd5 24. g3 b4 25. cxb4 Qxb4 26. Qd2 Qa4 27. a3 Qa6 28. Ke1 c3 29. bxc3 Qxa3 30. c4 Qxf3 31. cxd5 Qxd5 32. Qb4 Qd8 33. Qb7 a5 34. Qb5 h5 0-1

[Event "BL2-Nord 0607"]
[Site "Germany"]
[Date "2006.11.19"]
[Round "3.5"]
[White "Zimmermann, Martin"]
[Black "Reinecker, Kai"]
[Result "1/2-1/2"]
[WhiteElo "2205"]
[BlackElo "2235"]
[PlyCount "42"]
[EventDate "2006.10.15"]
[EventType "team-tourn"]
[EventRounds "9"]
[EventCountry "GER"]
[SourceTitle "EXT 2008"]
[Source "ChessBase"]
[SourceDate "2007.11.25"]
[SourceVersion "1"]
[SourceVersionDate "2007.11.25"]
[SourceQuality "1"]
[WhiteTeam "Hamburg Schachfreunde"]
[BlackTeam "Preetz"]
[WhiteTeamCountry "GER"]
[BlackTeamCountry "GER"]

1. d4 Nf6 2. Nf3 d5 3. g3 Bf5 4. Bg2 e6 5. 0-0 Be7 6. b3 0-0 7. Bb2 h6 8. Nbd2 Nbd7 9. c4 c6 10. Ne5 Qb6 11. Nxd7 Nxd7 12. e4 dxe4 13. Nxe4 Nf6 14. Nc3 Rad8 15. Na4 Qa5 16. Qe2 b5 17. Nc3 Bb4 18. Ne4 Bxe4 19. Bxe4 bxc4 20. bxc4 Nxe4 21. Qxe4 Bc3 1/2-1/2

[Event "Oberliga Nord N 0405"]
[Site "Germany"]
[Date "2004.12.12"]
[Round "4.6"]
[White "Van Riesen, Klaus"]
[Black "Zimmermann, Martin"]
[Result "0-1"]
[WhiteElo "2118"]
[BlackElo "2220"]
[PlyCount "156"]
[EventDate "2004.10.24"]
[EventType "team-tourn"]
[EventRounds "9"]
[EventCountry "GER"]
[SourceTitle "EXT 2006"]
[Source "ChessBase"]
[SourceDate "2005.11.24"]
[SourceVersion "1"]
[SourceVersionDate "2005.11.24"]
[SourceQuality "1"]
[WhiteTeam "Pinneberg"]
[BlackTeam "Hamburg SV 1934"]
[WhiteTeamCountry "GER"]
[BlackTeamCountry "GER"]

1. e4 c5 2. Nf3 Nc6 3. d4 cxd4 4. Nxd4 d6 5. Nc3 Nf6 6. Bc4 e6 7. Bb3 a6 8. Be3 Qc7 9. f4 Bd7 10. Qe2 b5 11. f5 Nxd4 12. Bxd4 e5 13. Bf2 b4 14. Nd5 Nxd5 15. Bxd5 Bb5 16. Qd2 Rc8 17. Rc1 Be7 18. Be3 a5 19. Bxf7+ Kxf7 20. Qd5+ Kf8 21. Qxb5 Qc4 22. Qd5 Qxd5 23. exd5 Kf7 24. Ke2 Rc4 25. c3 bxc3 26. Rxc3 Rxc3 27. bxc3 Rb8 28. Rd1 h5 29. Kd3 Kf6 30. c4 Kxf5 31. Rf1+ Kg6 32. Rf2 Rb4 33. Rc2 Kf5 34. Rf2+ Kg6 35. Rc2 Ra4 36. Bc1 Bg5 37. Bxg5 Kxg5 38. Ke4 Kg4 39. Kd3 h4 40. Ke3 Ra3+ 41. Ke4 Ra4 42. Ke3 Kf5 43. Rf2+ Kg6 44. Rc2 Kf6 45. Rf2+ Ke7 46. Rc2 Ra3+ 47. Ke4 g6 48. Rb2 Rc3 49. Rb7+ Kd8 50. Rg7 Rxc4+ 51. Ke3 Rg4 52. Kf3 Rf4+ 53. Ke3 Ra4 54. Rxg6 Kc7 55. g3 Ra3+ 56. Ke4 Rxa2 57. gxh4 Rxh2 58. Rg4 a4 59. Kf5 a3 60. Ra4 a2 61. Kg4 Kb6 62. Kg3 Kb5 63. Ra8 Rd2 64. h5 Rd3+ 65. Kg2 e4 66. Rxa2 Rxd5 67. Kg3 Rxh5 68. Kf4 d5 69. Rc2 Kb4 70. Rc8 Rh3 71. Ke5 Rd3 72. Kf4 e3 73. Kf3 d4 74. Re8 Rd2 75. Rc8 Kb3 76. Rc1 Kb2 77. Rc8 Rf2+ 78. Kg3 Rf7 0-1

[Event "Oberliga Nord N 0405"]
[Site "Germany"]
[Date "2004.11.28"]
[Round "3.6"]
[White "Zimmermann, Martin"]
[Black "Grohde, Wolfgang"]
[Result "1/2-1/2"]
[WhiteElo "2220"]
[BlackElo "2176"]
[PlyCount "51"]
[EventDate "2004.10.24"]
[EventType "team-tourn"]
[EventRounds "9"]
[EventCountry "GER"]
[SourceTitle "EXT 2006"]
[Source "ChessBase"]
[SourceDate "2005.11.24"]
[SourceVersion "1"]
[SourceVersionDate "2005.11.24"]
[SourceQuality "1"]
[WhiteTeam "Hamburg SV 1934"]
[BlackTeam "Neumuenster"]
[WhiteTeamCountry "GER"]
[BlackTeamCountry "GER"]

1. d4 e6 2. c4 Nf6 3. Nc3 Bb4 4. Bd2 c5 5. e3 0-0 6. Nf3 cxd4 7. exd4 d5 8. a3 Be7 9. cxd5 exd5 10. Be2 Nc6 11. 0-0 Bg4 12. Be3 Rc8 13. Ne5 Bxe2 14. Qxe2 Bd6 15. Nxc6 Rxc6 16. Bg5 Bc7 17. Qf3 Bb6 18. Rad1 Qd7 19. Rfe1 Rd8 20. Re5 h6 21. Bxf6 Rxf6 22. Qd3 Qc6 23. Rde1 Re6 24. Kf1 Rde8 25. Rxe6 Rxe6 26. Rxe6 1/2-1/2

[Event "BL2-Nord 0304"]
[Site "Germany"]
[Date "2003.??.??"]
[Round "?.6"]
[White "Marxen, Peter"]
[Black "Zimmermann, Martin"]
[Result "1-0"]
[WhiteElo "2255"]
[BlackElo "2235"]
[PlyCount "85"]
[EventDate "2003.10.??"]
[EventType "team-tourn"]
[EventRounds "9"]
[EventCountry "GER"]
[SourceTitle "CBM 100 Extra"]
[Source "ChessBase"]
[SourceDate "2004.07.06"]
[SourceVersion "2"]
[SourceVersionDate "2004.07.06"]
[SourceQuality "1"]
[WhiteTeam "Preetz"]
[BlackTeam "Hamburg Schachfreunde"]
[WhiteTeamCountry "GER"]
[BlackTeamCountry "GER"]

1. e4 c5 2. c3 Nf6 3. e5 Nd5 4. d4 cxd4 5. Nf3 Nc6 6. cxd4 d6 7. Bc4 e6 8. 0-0 dxe5 9. dxe5 Be7 10. Qe2 Nb6 11. Nc3 Nxc4 12. Qxc4 0-0 13. Qg4 Kh8 14. Rd1 Qa5 15. Qg3 Qb4 16. a3 Qc4 17. Be3 Na5 18. Bg5 Nc6 19. Rd2 a5 20. Rad1 b5 21. Bxe7 Nxe7 22. Qg5 Ng6 23. Rd4 Qb3 24. Qc1 Bb7 25. Nd2 Qxd1+ 26. Qxd1 Nxe5 27. Nxb5 Bc6 28. Nc3 Rab8 29. Qc2 Rfc8 30. Nc4 Ng6 31. Nxa5 Bd5 32. Qd2 Ne7 33. f3 h6 34. h3 Rc5 35. b4 Rc7 36. Nxd5 exd5 37. Nb3 Ra8 38. Qb2 Rac8 39. Nc5 Rb8 40. Qd2 Rbc8 41. Rxd5 Nxd5 42. Qxd5 Kg8 43. a4 1-0

[Event "BL2-Nord 0304"]
[Site "Germany"]
[Date "2003.??.??"]
[Round "?.4"]
[White "Quast, Michael"]
[Black "Zimmermann, Martin"]
[Result "1/2-1/2"]
[WhiteElo "2285"]
[BlackElo "2235"]
[PlyCount "72"]
[EventDate "2003.10.??"]
[EventType "team-tourn"]
[EventRounds "9"]
[EventCountry "GER"]
[SourceTitle "CBM 100 Extra"]
[Source "ChessBase"]
[SourceDate "2004.07.06"]
[SourceVersion "2"]
[SourceVersionDate "2004.07.06"]
[SourceQuality "1"]
[WhiteTeam "Leipzig Gohlis"]
[BlackTeam "Hamburg Schachfreunde"]
[WhiteTeamCountry "GER"]
[BlackTeamCountry "GER"]

1. e4 c5 2. Nc3 Nc6 3. f4 g6 4. Nf3 Bg7 5. Bb5 d6 6. Bxc6+ bxc6 7. 0-0 Nh6 8. d3 0-0 9. Qe1 f6 10. Kh1 Nf7 11. Qg3 e6 12. Bd2 Bd7 13. Rae1 Qb6 14. b3 Rae8 15. h4 Kh8 16. h5 gxh5 17. Qh4 Qd8 18. Qxh5 Re7 19. Nh4 Nh6 20. f5 Be8 21. Qf3 Nf7 22. Ne2 Ng5 23. Qg4 exf5 24. Nxf5 Bd7 25. Bxg5 Bxf5 26. Rxf5 fxg5 27. Ng3 Rxf5 28. Nxf5 Rf7 29. Re3 Be5 30. a4 Qf6 31. Rf3 Bf4 32. g3 h5 33. Qxh5+ Rh7 34. Qxh7+ Kxh7 35. gxf4 Qa1+ 36. Kg2 Qd1 1/2-1/2

[Event "Oberliga Nord N 0102"]
[Site "Germany"]
[Date "2002.02.03"]
[Round "5.6"]
[White "Kohtz, Andreas"]
[Black "Zimmermann, Martin"]
[Result "0-1"]
[WhiteElo "2160"]
[BlackElo "2215"]
[PlyCount "102"]
[EventDate "2001.10.07"]
[EventType "team"]
[EventRounds "9"]
[EventCountry "GER"]
[SourceTitle "EXT 2002"]
[Source "ChessBase"]
[SourceDate "2001.11.25"]
[SourceVersion "1"]
[SourceVersionDate "2001.11.25"]
[SourceQuality "1"]
[WhiteTeam "Norderstedt"]
[BlackTeam "Hamburg Schachfreunde"]
[WhiteTeamCountry "GER"]
[BlackTeamCountry "GER"]

1. d4 Nf6 2. Nf3 e6 3. Bf4 b6 4. e3 Bb7 5. Nbd2 Be7 6. h3 0-0 7. Bd3 d5 8. 0-0 Nbd7 9. Ne5 Ne4 10. Nxe4 dxe4 11. Bb5 Nxe5 12. Bxe5 Bd6 13. Bxd6 Qxd6 14. Be2 e5 15. dxe5 Qxe5 16. Qd4 Qxd4 17. exd4 Rfd8 18. Rad1 Rd6 19. c4 Rad8 20. d5 c6 21. dxc6 Bxc6 22. Rxd6 Rxd6 23. Rd1 Rxd1+ 24. Bxd1 f5 25. h4 Kf7 26. Kf1 Ke6 27. Ke2 Ke5 28. g3 Kd4 29. b3 g6 30. Kd2 h6 31. Be2 g5 32. hxg5 hxg5 33. Bh5 Bd7 34. Bf7 f4 35. gxf4 gxf4 36. Bh5 Bf5 37. Bf7 e3+ 38. fxe3+ fxe3+ 39. Ke1 Bb1 40. a3 Ba2 41. c5 bxc5 42. Ke2 a5 43. a4 Bb1 44. Bc4 Be4 45. Bf7 Bd3+ 46. Kd1 Kc3 47. Be8 Kxb3 48. Bb5 c4 49. Ke1 Kc3 50. Kd1 Kd4 51. Ke1 c3 0-1